IFM Opac

PLANNING EDUCATIONAL ASSISTANCE FOR THE SECOND DEVELOPMENT DECADE (Record no. 19882)

MARC details
000 -LEADER
fixed length control field 00283nam a22001097a 4500
082 ## - DEWEY DECIMAL CLASSIFICATION NUMBER
Classification number PAM 370.1965 PHI
100 ## - MAIN ENTRY--PERSONAL NAME
Personal name Phillips,H.M.
245 ## - TITLE STATEMENT
Title PLANNING EDUCATIONAL ASSISTANCE FOR THE SECOND DEVELOPMENT DECADE
260 ## - PUBLICATION, DISTRIBUTION, ETC.
Place of publication, distribution, etc. PARIS
Name of publisher, distributor, etc. UNESCO
Date of publication, distribution, etc. 1973
300 ## - PHYSICAL DESCRIPTION
Extent 75p.
Other physical details 21cm.
942 ## - ADDED ENTRY ELEMENTS (KOHA)
Koha item type Books
Holdings
Withdrawn status Lost status Damaged status Not for loan Home library Current library Shelving location Date acquired Total Checkouts Full call number Barcode Date last seen Price effective from Koha item type
        IFM Main Campus Library IFM Main Campus Library Archival Collection 08/15/1973   PAM 370.1965 PHI 0000012740 08/15/2018 08/15/2018 Books